| 000 | 00633cam a2200205 a 4500 | ||
|---|---|---|---|
| 001 | sa 66002882 | ||
| 003 | DLC | ||
| 005 | 20260227112232.0 | ||
| 008 | 810317s1959 ii 000 f hino | ||
| 010 | _asa 66002882 | ||
| 040 |
_aDLC _cDLC |
||
| 050 | 0 | 0 |
_aPK2098.A67 _bA65 1959 |
| 100 | 0 |
_aĀrigapūḍi, _d1932- |
|
| 245 | 1 | 0 |
_aApanī karanī : _bsāmājika nirmāṇa para ādhārita eka anūṭhā upanyāsa / _cĀrigapūḍi. |
| 250 | _a1. saṃskaraṇa. | ||
| 260 |
_aDillī : _bRājapāla eṇḍa Sanz, _c1959. |
||
| 300 |
_a121 p. ; _c19 cm. |
||
| 546 | _aIn Hindi. | ||
| 651 | 0 |
_aIndia _xSocial conditions _y1947- _vFiction. |
|
| 999 |
_c68599 _d68599 |
||